Team of the Tournament - Europei 2016 - Statistics

Statistiche generali
  • Questo quiz è stato fatto 12 volte
  • Il punteggio medio è 7 su 11
Statistiche sulle risposte
Ruolo Nazione Calciatore % Corretto
Attaccante Portogallo Cristiano Ronaldo
100%
Difensore Portogallo Pepe
90%
Portiere Portogallo Rui Patrício
80%
Centrocampista Galles Aaron Ramsey
70%
Centrocampista Francia Antoine Griezmann
70%
Centrocampista Francia Dimitri Payet
60%
Difensore Germania Jérôme Boateng
60%
Difensore Germania Joshua Kimmich
60%
Centrocampista Germania Toni Kroos
50%
Difensore Portogallo Raphaël Guerreiro
20%
Centrocampista Galles Joe Allen
10%
Nessun quiz corrispondente trovato
Distribuzione punteggi
Percentuale di utenti per punteggio
Percentile per numero di risposta
I tuoi punteggi nel tempo
Non hai fatto questo quiz